| 000 | 01297nam a22003137a 4500 | ||
|---|---|---|---|
| 005 | 20240530110438.0 | ||
| 008 | 150416s2011 ua g 000 0dara d | ||
| 017 |
_a2011/7672 _bمصر . دار الكتب المصرية |
||
| 020 | _a9789777046138 | ||
| 040 | _aEG-CaGPL | ||
| 082 | 0 | 4 |
_221 _a330\ _bك م |
| 100 | 1 |
_aكانتربرى ، اى. راى _qاى. راى كانتربرى |
|
| 245 | 1 | 0 |
_aموجز تاريخ علم الاقتصاد : _bمقاربات جمالية لدراسة العلم الكئيب / _cتاليف اى. راى كانتربرى ؛ ترجمة سمير كريم ؛ مراجعة جودة عبدالخالق |
| 250 | _aط1 | ||
| 260 |
_aالقاهرة : _bالمركز القومى للترجمة ، _c2011 . |
||
| 300 |
_a655 ص ؛ _c24 سم |
||
| 490 | 0 |
_aالمشروع القومى للترجمة ؛ _v1734 |
|
| 650 | 0 | 4 |
_aالاقتصاد _xعلم |
| 650 | 0 | 4 |
_aالاقتصاد _xتاريخ |
| 650 | 0 | 4 | _aالراسمالية |
| 650 | 0 | 4 | _aالاقتصاد الدولى |
| 650 | 0 | 4 | _aالاقتصاد السياسى |
| 650 | 0 | 4 | _aالبطالة |
| 650 | 0 | 4 | _aالراديكالية |
| 700 | 0 |
_aسمير كريم _eمترجم |
|
| 700 | 0 |
_aجودة عبدالخالق _eمراجع |
|
| 942 |
_2ddc _cBK |
||
| 999 |
_c61003 _d61003 |
||